000 00413pab a2200157 454500
008 180718b2015 xxu||||| |||| 00| 0 eng d
100 _aSethi, Monika
245 _aRegulatory reforms for achieving excellence in higher education
260 _c2015
300 _ap.179-183.
362 _a16 Feb
650 _aHigher education
650 _aEducational reform
773 _aUniversity News
909 _a107083
999 _c107078
_d107078